000 00254nam a22000977a 4500
999 _c11295
_d11295
008 190205b ||||| |||| 00| 0 eng d
020 _a9781841260037
100 _aNeumann
_97037
245 _aNutrition in Sport
260 _aUk
_bMeyer & Meyer and Sports
_c2001